000 00326nam a2200145 4500
020 _a0-06-074509-6
082 _a813.54
100 _aElizabeth Peters
245 _aPrince of Darkness
260 _aNew York
_barper Torch
_c2005
300 _a336p.
_e18cm.
650 _aFiction
700 _aPeters, Elizabeth
942 _cBK
999 _c12292
_d12292